000
00281nam a2200097Ia 4500
008
220204s9999 xx 000 0 und d
082
_a
NR:678.021979
_b
RRM;2
245
0
_a
RRIM training manual on latex and rubber analysis, May 1979
260
_a
Kuala Lumpur
_b
RRIM
_c
1979
942
_c
BK
999
_c
35299
_d
35299